| 000 | 01161nam a22003257a 4500 | ||
|---|---|---|---|
| 003 | CHAP | ||
| 005 | 20220329140637.0 | ||
| 008 | 971013s1983 r 00010 d | ||
| 010 | _a55239 | ||
| 011 | _a56211 | ||
| 035 | _a60364 | ||
| 040 | _cCHAP | ||
| 090 | _aTesis | ||
| 100 | 0 | 0 |
_aSerna Ríos, Arturo. _9105172 |
| 245 | _aSuplementación fosfórica a vaquillas en pastoreo de zacate buffel (Cenchrus ciliaris L.) durante le época crítica en el minicipio de Lampazos, Nuevo León | ||
| 260 |
_a(Monterrey, N.L.) : _bEl autor, _c1983 |
||
| 300 |
_a88 h. _b: ilus. |
||
| 502 | _aTesis (Ing. Agr. Zootecnista) -- ITESM. Div. de Ciencias Agropecuarias y Marítimas | ||
| 590 |
_aALEPH _b10 _c20130110 _lUCH01 _h1333 |
||
| 590 |
_aBATCH-UPD _b10 _c20130110 _lUCH01 _h0821 |
||
| 590 |
_aBATCH-UPD _b10 _c20130410 _lUCH01 _h0459 |
||
| 590 |
_aBATCH-UPD _b10 _c20130914 _lUCH01 _h1428 |
||
| 590 |
_aCONVERSION _b10 _c20130109 _lUCH01 _h1330 |
||
| 650 | 1 | 4 |
_aFósforo en nutrición animal. _942266 |
| 650 | 1 | 4 |
_aGanado vacuno _xNutrición. _945498 |
| 650 | 1 | 4 |
_aZacate Buffel. _9123395 |
| 901 | _aBK | ||
| 942 | _cTESIS | ||
| 949 |
_bBC _cTES _d-130159 _eTS1 _i60364 _si |
||
| 999 |
_c55239 _d55239 |
||